01421nam a22002537a 4500003000500000008004100005020001800046040000800064041001300072082003800085100001700123245002600140260008200166300003500248336002700283337003300310338002900343505038400372650003400756942001400790952017300804952017300977999001701150BPGM260617s mx |||||r|||| 001 ||SPA|| a968-845-226-2 bspa aSPAhSPA042PRIMERA EDICIÓNa150 / T35bT35 aTAMAYO, LUIS aDEL SÍNTOMA AL ACTO aQUERÉTARO, MÉXICObUNIVERSIDAD AUTÓNOMA DE QUÉRETAROcSEPTIEMBRE 2001 a97 PÁGINAS;c21.3 CM X 13 CM 2rdacontentatextobtxt 2rdamediaasin mediaciónbn 2rdacarrieravolumen bnc aDEL SÍNTOMA AL ACTO, ES UN TEXTO ELABORADO POR EL DR. LUIS TAMAYO, A TRAVÉS DEL CUAL, NOS INVITA A LA REFLEXIÓN DE DOS CONCEPTOS QUE ADQUIEREN RELEVANCIA EN EL CONTEXTO PSICOANALÍTICO, POR MEDIO DE LA VINCULACIÓN QUE ESTABLECE CON LA PROPUESTA HEIDEGGERIANA DEL DASEIN Y DEL MITDSEIN, PRODUCIENDO, DE ESTA MANERA, UN MATERIAL QUE NOS ACERCA AL SÍNTOMA Y SU DESENLACE. aPSICOLOGÍAv150x100y50z0 2ddccCOLQ 00102ddc40728GENERALaBPCEFCbBPCEFCcACCESO "A" PLANTA ALTAd2026-06-17eDONACIÓN fACCESO "A"iEJ. 1l0o150 / T35r2026-06-17 17:33:26tEJ. 1w2026-06-17yCOLQ 00102ddc40708GENERALaBPCEFCbBPCEFCcACCESO "A" PLANTA ALTAd2026-06-17eDONACIÓN fACCESO "A"iEJ. 2l0o150 / T35r2026-06-17 17:33:26tEJ. 2w2026-06-17yCOLQ c68616d68616